Spratek příběh dítěte, které nikdo nemiloval

Saved in:
Bibliographic Details
Main Authors Hayden, Torey L., 1951- (Author), Nováková, Jindřiška, 1954- (Adapter, Director), Klempíř, Jaromír, 1944-2016 (Composer)
Other Authors Hartlová, Helena, 1957- (Translator), Babčáková, Simona, 1973- (Storyteller)
Format Audio
LanguageCzech
Published [Praha] : Portál, p2010
Subjects
Physical Description5 zvukových desek : digital ; 12 cm

Cover

LEADER 00000cim a2200000 a 4500
001 65426
003 CZ-ZlUTB
005 20240829151034.0
007 sd fsngnnmmned
008 110718s2010 xr nnn g h cze
015 |a cnb002202006 
024 3 |a 8594015312484 
028 0 1 |a AY 248-5  |b Portál 
040 |a ABA001  |b cze  |d ZLD002 
041 1 |d cze  |h eng 
072 7 |a 364-1/-7  |x Druhy sociální pomoci a služeb  |2 Konspekt  |9 18 
080 |a 364.635-053.2  |2 MRF 
080 |a 616.89-008.447  |2 MRF 
080 |a 376  |2 MRF 
080 |a 615.851  |2 MRF 
080 |a (0:82-32)  |2 MRF 
080 |a (078.7)  |2 MRF 
080 |a (086.76)  |2 MRF 
100 1 |a Hayden, Torey L.,  |d 1951-  |7 xx0074921  |4 aut 
245 1 0 |a Spratek  |h [zvukový záznam] :  |b příběh dítěte, které nikdo nemiloval /  |c Torey L. Hayden 
260 |a [Praha] :  |b Portál,  |c p2010 
300 |a 5 zvukových desek :  |b digital ;  |c 12 cm 
500 |a Překlad Helena Hartlová 
500 |a Kompaktní desky 
505 0 |a CD1. Moje třída, moje děti ; Přišla mezi nás ; Velká neznámá ; Emoce pod zámkem ; Kolik je dvě a dvě? -- CD2. Překvapivý výsledek ; Točit se dokola ; Jak to zastavit? -- CD3. Jimmieho mám nejradši ; Proč mě ochočuješ? ; Tajemství ; Kolaps ; Kdo je můj bráška? -- CD4. Konec? ; Kdo ti to ublížil -- CD5. Zase mezi námi ; Nové šaty ; Loučení ; Spratek 
508 |a Úprava a režie Jindřiška Nováková ; hudba Jaromír Klempíř 
511 0 |a Čte Simona Babčáková 
518 |a Natočeno ve studiu Virtual společnosti Bystrouška v roce 2010 
650 0 7 |a zanedbávané děti  |7 ph116738  |2 czenas 
650 0 7 |a poruchy chování  |7 ph124386  |2 czenas 
650 0 7 |a speciální pedagogika  |7 ph116230  |2 czenas 
650 0 7 |a psychoterapie  |7 ph115954  |2 czenas 
655 7 |a příběhy  |7 fd133204  |2 czenas 
655 7 |a případové studie  |7 fd133208  |2 czenas 
655 7 |a kompaktní disky  |7 fd201991  |2 czenas 
700 1 |a Hartlová, Helena,  |d 1957-  |7 mzk2003181389  |4 trl 
700 1 |a Nováková, Jindřiška,  |d 1954-  |7 jn20010601354  |4 adp  |4 drt 
700 1 |a Klempíř, Jaromír,  |d 1944-2016  |7 jk01060397  |4 cmp 
700 1 |a Babčáková, Simona,  |d 1973-  |7 xx0037171  |4 stl 
765 0 |t One child  |9 Česky 
910 |a ZLD002 
952 |0 0  |1 0  |4 0  |6 364AUDIOHAYDENTL  |7 0  |8 RCD  |9 118440  |a UTBZL  |b UTBZL  |c 037  |d 2012-08-01  |h 5 CD  |l 1  |o 364-AUDIO/HAYDEN,T.L.  |p 420010145951  |r 2019-08-26 00:00:00  |v 449.00  |w 2019-08-26  |x N:nákup,převod FHS Dorková 27.7.2018; | 20100831  |y 01 
992 |a AM  |b SK  |d 1 
999 |c 65426  |d 65426